|
|
แสดงรายละเอียดบรรณานุกรม |
|
|
Brief Record
: Get Marc (ISO 2709)
: E-mail record
: |
| LEADER 00000nama 2200000uu 4500 | |||
| 008 040531s2534 th m m a000 0 tha d | |||
| 041 tha | |||
| 050 WA525 ส234ศ 2534 | |||
| 100 สมคิด แก้วสนธิ | |||
| 245 เศรษฐศาสตร์สาธารณสุข:การวิเคราะห์และประเมินผลบริการสาธารณสุข/ สมคิด แก้วสนธิและภิรมย์ กมลรัตนกุล 001 | |||
| 260 กรุงเทพฯ คณะเศรษฐศาสตร์ จุฬาลงกรณ์มหาวิทยาย 2534 | |||
| 300 244 หน้า | |||
| 650 อนามัย,การบริการ ชื่อเรื่อง | |||
| 998 1999-02-01 | |||
| คุณยังไม่ได้ล็อกอิน คุณสามารถมีกิจกรรมร่วมกับเว็บไซต์ได้ แต่ต้องล็อกอินก่อน :: |
|
| สถานะ | |||||||||
| 1. | หนังสือทั่วไป | WA525 ส234ศ 2534 | On Shelf ขอยืม | ||||||
| 2. | หนังสือทั่วไป | WA525 ส234ศ 2534 | On Shelf ขอยืม | ||||||
| 3. | หนังสือทั่วไป | WA525 ส234ศ 2534 | On Shelf ขอยืม | ||||||
| 4. | หนังสือทั่วไป | WA525 ส234ศ 2534 | On Shelf ขอยืม | ||||||
| 5. | หนังสือทั่วไป | WA525 ส234ศ 2534 | On Shelf ขอยืม | ||||||
| 6. | หนังสือทั่วไป | WA525 ส234ศ 2534 | On Shelf ขอยืม | ||||||
| 7. | หนังสือทั่วไป | WA525 ส234ศ 2534 | On Shelf ขอยืม | ||||||
| 8. | หนังสือทั่วไป | WA525 ส234ศ 2534 | On Shelf ขอยืม | ||||||
| 9. | หนังสือทั่วไป | WA525 ส234ศ 2534 | On Shelf ขอยืม | ||||||
| 10. | หนังสือทั่วไป | WA525 ส234ศ 2534 | On Shelf ขอยืม | ||||||
| 11. | หนังสือทั่วไป | WA525 ส234ศ 2534 | On Shelf ขอยืม | ||||||
| 12. | หนังสือทั่วไป | WA525 ส234ศ 2534 | On Shelf ขอยืม | ||||||
| [แสดง 12/12 รายการ] | |||||||||
BibComment |
| คอมเมนท์ทรัพยากรรายการนี้ |
|
|